000 00725nam a2200241Ia 4500
003 OSt
005 20220930200204.0
006 a|||||r|||| 00| 0
007 ta
008 220926b |||||||| |||| 00| 0 hin d
024 _a20199
037 _cDissertations
040 _aCRL
_cCRL
_bhin
041 _2hin
_ahin
100 _aLakhanpal Poonam
_9564700
110 _aUniversity of Delhi. Faculty of Arts. Department of Sanskrit
245 0 _aKavya Prakash per Govind Thakur krit Kavya Pradeep teeka mein darshnik tattva
260 _c1987
650 _aSANSKRIT
700 _aUniversity of Delhi. Faculty of Arts. Department of Sanskrit
942 _cDIS
_2CC
999 _c900290
_d900290